00846nam a2200253 i 4500001001000000003000900010005001700019007000300036008004100039040003000080041000800110082002400118100004100142245005600183264008500239300004400324336002700368337003300395338002800428490002200456650003000478650003300508710005100541000009786DO-SdBNP20250717074015.0ta091001s1986 dr a r 000 p spa d aDO-SdBNPbspacBNPHUerda hspa 4aRD861.44bC355v2221 aCastro, Tomás,d1959-eautor4aut.10aVuelta al cantar de los cantares /cTomás Castro. 4aSanto Domingo :bBiblioteca Nacional Pedro Henríquez Ureña (BNPHU),c©1986. a80 páginas :bilustraciones ;c21 cm. atextobtxt2rdacontent asin mediaciónbn2rdamedia avolumenbnc2rdacarrier0 aColección Orfeo 7aPoesía dominicana2LEMB 7aLiteratura dominicana.2LEMB2 aBiblioteca Nacional Pedro Henríquez Ureña